Demografický a sídlištný obraz Západného Slovenska

Salvato in:
Dettagli Bibliografici
Autore principale: Kohútová, Mária
Natura: Libro
Lingua:slovacco
Pubblicazione: Bratislava Veda 1990
Edizione:1. vyd.
Tags: Aggiungi Tag
Nessun Tag, puoi essere il primo ad aggiungerne!!

MARC

LEADER 00000nam a2200000 4500
001 c028884
005 20250529075229.6
041 0 |a slo 
044 |a SK 
245 1 0 |a Demografický a sídlištný obraz Západného Slovenska  |c Mária Kohútová 
250 |a 1. vyd. 
264 1 |a Bratislava  |b Veda  |c 1990 
300 |a 181 s. 
100 1 |a Kohútová, Mária